000 00859nab a2200205 4500
001 244442
003 OSt
005 20240919123648.0
007 tu
008 200917s2020|||||||
040 _aDE-2950
_cDE-2950
245 0 0 _a"Das ist der wichtigste Wahlkampf meines Lebens"
_bLandtagswahl. Ministerpräsident Dietmar Woidke (SPD) spitzt es für den 22. September auf die Aussage zu: Ich oder die AfD. Im Gespräch erklärt er, warum er jetzt ähnliche Forderungen wie die Rechtsaußen-Partei stellt und was er von Sahra Wagenknecht und Elon Musk hält/
_cManja Wilde, Claus Liesegang
264 _c2024
653 _aFrankfurt (Oder)
653 _aLandtagswahl
653 _aMinisterpräsident Dietmar Woidke
653 _aInterview
773 0 _g35. Jahrgang (2024) Nr. 214 vom 12.09.2024, S. 11 , mit Foto
_tMärkische Oderzeitung
942 _2z
_cA
999 _c373332
_d373332